Songs in Happier Than Ever in Order - Spotify Streams - Statistics

General Stats
  • This quiz has been taken 29 times
  • The average score is 12 of 16
Answer Stats
Streams Song % Correct
1.357b Happier Than Ever
100%
819m Therefore I Am
91%
124m GOLDWING
82%
189m Male Fantasy
82%
344m NDA
82%
432m Your Power
82%
326m Billie Bossa Nova
73%
312m Lost Cause
73%
105m OverHeated
73%
114m Everybody Dies
64%
239m Getting Older
64%
275m Halley's Comet
64%
220m I Didn't Change My Number
64%
471m my future
64%
107m Not My Responsibility
64%
203m Oxytocin
64%
No matching quizzes found
Score Distribution
Percent of People with Each Score
Percentile by Number Answered
Your Score History
You have not taken this quiz